Can You Name Every Survivor Castaway? Part 2 - Statistics

General Stats
  • This quiz has been taken 137 times
  • The average score is 110 of 172
Answer Stats
Hint Answer % Correct
Jon Misch
92%
Natalie Anderson
91%
Natalie Cole
91%
Jeremy Collins
89%
Jeremy Crawford
89%
Kelley Wentworth
88%
Kelley Wentworth
87%
Mike Holloway
87%
Mike White
87%
Mike Zahalsky
87%
Reed Kelly
87%
Sarah Lacina
85%
Spencer Bledsoe
85%
Joe Anglim
84%
Joe Mena
84%
Joseph "Joe" Del Campo
84%
Keith Nale
84%
Adam Klein
83%
Tai Trang
83%
Aubry Bracco
82%
Brad Culpepper
82%
John Hennigan
82%
John Rocker
82%
Survivor: World's Apart So Kim
82%
Ben Driebergen
81%
Chris Hammons
81%
Christopher "Chris" Noble
81%
Dan Foley
81%
Dan Rengering
81%
Michele Fitzgerald
81%
Nick Maiorano
81%
Nick Wilson
81%
Tasha Fox
81%
Tony Vlachos
81%
Kelly Remington
80%
Kelly Wiglesworth
80%
Baylor Wilson
79%
Missy Payne
79%
Sierra Dawn Thomas
79%
Ciera Eastin
78%
Sandra Diaz-Twine
78%
Hali Ford
76%
Troyzan Robertson
76%
Wendell Holland
76%
Cirie Fields
75%
Will Sims II
75%
Will Wahl
75%
David Wright
74%
Jeff Varner
74%
Wes Nale
74%
Zeke Smith
74%
Alec Christy
73%
Alec Merlino
73%
Carolyn Rivera
73%
Hannah Shapiro
73%
Debbie Wanner
72%
James "JT" Thomas, JR.
71%
Josh Canfield
71%
Val Collins
71%
Kass McQuillen
70%
Kimmi Kappenberg
70%
Malcolm Freberg
70%
Michael Yerger
70%
Survivor: Cambodia Vytas Baskauskas
70%
Dale Wentworth
69%
Jaclyn Schultz
69%
Jenn Brown
69%
Jennifer Lanzetti
69%
Justin "Jay" Starrett
69%
Abi-Maria Gomes
67%
Caleb Reynolds
67%
Rodney Lavoie Jr.
67%
Shirin Oskooi
67%
Stephen Fishbach
67%
Jessica Johnston
66%
Jessica Lewis
66%
Jessica Peet
66%
Ken McNickle
66%
Kyle Jason
66%
Andrew Savage
65%
Bret LaBelle
65%
Julie McGee
65%
Survivor: San Juan Del Sur Nadiya Anderson
65%
Oscar "Ozzy" Lusth
65%
Cydney Gillon
64%
Michaela Bradshaw
64%
Woo Hwang
64%
Angelina Keeley
63%
Scot Pollard
63%
Sunday Burquest
63%
Alexandrea "Ali" Elliott
62%
Christian Hubicki
62%
Ciandre "CeCe" Taylor
62%
Laurel Johnson
62%
Andrea Boehlke
61%
Jessica "Figgy" Figueroa
61%
Michelle Schubert
61%
Ryan Ulrich
61%
Taylor Lee Stocker
60%
Chrissy Hofbeck
58%
Elisabeth "Liz" Markham
58%
Gabby Pascuzzi
58%
Kara Kay
58%
Monica Padilla
58%
Survivor: David vs Goliath Pat Cusack
58%
Peih-Gee Law
58%
Terry Deitz
58%
Domenick Abbate
57%
Drew Christy
57%
James Lim
57%
Neal Gottlieb
57%
Carl Boudreaux
56%
Julia Sokolowski
55%
Davie Rickenbacker
53%
Tyler Frederickson
53%
Devon Pinto
52%
Peter Baggenstos
52%
Vince Sly
49%
Bi Nguyen
48%
Max Dawson
48%
Alison Raybould
47%
Lauren Rimmer
47%
Natalia Azoqa
47%
Joaquin Souberbielle
46%
Mari Takahashi
46%
Elizabeth Olson
45%
Anna Khait
44%
Ashley Nolan
44%
Lyrsa Torres
44%
Paul Wachter
44%
Lucy Huang
43%
Donathan Hurley
42%
Nina Poersch
42%
Desiree "Desi" Williams
40%
Kellyn Bechtold
40%
Lindsey Cascaddan
39%
Sebastian Noel
39%
Survivor: Kaoh Rong Darnell Hamilton
38%
Alecia Holden
37%
Stephanie Johnson
36%
Angela Perkins
35%
Chelsea Townsend
35%
Cole Medders
35%
Jenna Bowman
35%
Alan Ball
34%
Survivor: Millenials vs Gen X Rachel Ako
34%
Jacob Derwin
33%
John Paul "JP" Hilsabeck
33%
Morgan Ricke
33%
Libby Vincek
29%
Desiree Afuye
27%
Bradley Kleihege
26%
Survivor: Heroes vs. Healers vs. Hustlers Katrina Radke
26%
Patrick Bolton
26%
Roark Luskin
25%
Survivor: Ghost Island Stephanie Gonzalez
22%
Brendan Shapiro
19%
Simone Nguyen
15%
No matching quizzes found
Score Distribution
Percent of People with Each Score
Percentile by Number Answered
Your Score History
You have not taken this quiz